Statistics for Tom Petty Songs

Click here to take the quiz!

General Stats

  • This quiz has been taken 61 times
  • The average score is 31 of 188

Answer Stats

Hint Answer % Correct
Into the Great Wide Open
92%
Free Fallin'
85%
Runnin' Down a Dream
85%
Refugee
77%
WildflowersAmerican Girl
77%
Wildflowers
77%
The Last DJ
69%
Southern Accents
69%
Learning to Fly
69%
Echo
69%
The Waiting
69%
You're Gonna Get It!Breakdown
62%
You Don't Know How It Feels
62%
It's Good to Be King
54%
I Won't Back Down
54%
Don't Do Me Like That
46%
Walls (Circus)
46%
A Face in the Crowd
46%
Room at the Top
46%
Swingin'
38%
Airport
38%
California
38%
Let Me Up (I've Had Enough)
38%
Kings Highway
38%
Walls (No. 3)
38%
Even the Losers
38%
EchoYou're Gonna Get It
38%
Here Comes My Girl
38%
Yer So Bad
31%
Don't Come Around Here No More
31%
You Got Lucky
31%
Dogs on the Run
23%
Spike
23%
A**hole
23%
Rebels
23%
Jammin' Me
23%
Lonesome Sundown
23%
Free Girl Now
23%
My Life/Your World
23%
Runaway Trains
23%
Full Grown Boy
15%
Burnt Out Town
15%
Don't Pull Me Over
15%
American Dream Plan B
15%
The Apartment Song
15%
I Should Have Known It
15%
A Mind with a Heart of Its Own
15%
Zombie Zoo
15%
Jefferson Jericho Blues
15%
Angel Dream (No. 2)
15%
Joe
15%
When a Kid Goes Bad
15%
Dreamville
15%
Money Becomes King
15%
One More Day, One More Night
15%
Accused of Love
15%
Angel Dream (No. 4)
15%
Zero from Outer Space
15%
Out in the Cold
15%
All the Wrong Reasons
15%
I Don't Wanna Fight
15%
Have Love Will Travel
15%
Grew Up Fast
15%
Like a Diamond
15%
All or Nothin'
15%
You Wreck Me
15%
Century City
15%
Insider
15%
The Best of Everything
15%
It Ain't Nothin' to Me
15%
Long After DarkAnything That's Rock 'n' Roll
15%
It'll All Work Out
15%
Make It Better (Forget About Me)
15%
All Mixed Up
15%
A Self-Made Man
15%
Louisiana Rain
15%
Think About Me
15%
Hypnotic EyeI Need to Know
8%
Listen to Her Heart
8%
Restless
8%
No Second Thoughts
8%
You and Me
8%
Can't Stop the Sun
8%
The Man Who Loves Women
8%
Baby's a Rock 'n' Roller
8%
Blue Sunday
8%
Lost Children
8%
Rhino Skin
8%
This One's for Me
8%
Ain't Love Strange
8%
Billy the Kid
8%
Won't Last Long
8%
Saving Grace
8%
No More
8%
Shadow of a Doubt (A Complex Kid)
8%
What Are You Doin' in My Life?
8%
About to Give Out
8%
Nightwatchman
8%
Running Man's Bible
8%
Red River
8%
Into the Great Wide OpenLuna
8%
Fault Lines
8%
Good Enough
8%
Something Good Coming
8%
All You Can Carry
8%
Power Drunk
8%
Shadow People
8%
U Get Me High
8%
Sins of My Youth
8%
Forgotten Man
8%
High in the Morning
8%
Lover's Touch
8%
The Trip to Pirate's Cove
8%
Counting on You
8%
First Flash of Freedom
8%
Big Weekend
8%
Candy
8%
No Reason to Cry
8%
Let Yourself Go
8%
Takin' My Time
8%
U.S. 41
8%
The Last DJHurt
8%
Jack
8%
A Woman in Love (It's Not Me)
8%
Honey Bee
8%
Only a Broken Heart
8%
Two Gunslingers
8%
Mary's New Car
8%
Don't Fade on Me
8%
Tom Petty and The HeartbreakersRockin' Around (With You)
8%
The Damage You've Done
8%
Alright for Now
8%
Finding Out
8%
The Dark of the Sun
8%
You and I Will Meet Again
8%
Makin' Some Noise
8%
Built to Last
8%
Straight into Darkness
8%
Too Good to Be True
8%
Between Two Worlds
8%
The Same Old You
8%
I'll Feel a Whole Lot Better
8%
A Higher Place
8%
Supernatural Radio
8%
The Criminal Kind
8%
Hope You Never
8%
Hope on Board
8%
How Many More Days
8%
Kings Road
8%
Hung Up and Overdue
8%
Letting You Go
8%
Damn the TorpedoesHometown Blues
8%
You Can Still Change Your Mind
8%
Wake Up Time
8%
Change of Heart
8%
Climb That Hill
8%
Change the Locks
8%
Depending on You
0%
Love Is a Long Road
0%
Hard PromisesThe Wild One, Forever
0%
Southern AccentsStrangered in the Night
0%
Songs and Music from "She's the One"When the Time Comes
0%
A Wasted Life
0%
Full Moon FeverMystery Man
0%
Turn This Car Around
0%
To Find a Friend
0%
Cabin Down Below
0%
Hard on Me
0%
MojoToo Much Ain't Enough
0%
House in the Woods
0%
Crawling Back to You
0%
A Thing About You
0%
You Tell Me
0%
A One Story Town
0%
Deliver Me
0%
Square One
0%
Flirting with Time
0%
Ankle Deep
0%
The Golden Rose
0%
Highway CompanionMagnolia
0%
Time to Move On
0%
This Old Town
0%
Damaged by Love
0%
Down South
0%
Something Big
0%
Let Me Up (I've Had Enough)Fooled Again (I Don't Like It)
0%
Night Driver
0%
We Stand a Chance
0%

Score Distribution

Percentile by Number Answered

Percent of People with Each Score

Your Score History

You have not taken this quiz